Thực hành lập trình I (Công nghệ xử lý thông tin). Tập 2 =Programming practice I (Information processing technology). Series 2

Na minha lista:
Detalhes bibliográficos
Formato: Livro
Idioma:Vietnamese
Publicado em: Lao động xã hội 2000
Assuntos:
Tags: Adicionar Tag
Sem tags, seja o primeiro a adicionar uma tag!
Thư viện lưu trữ: Mạng thư viện Đại học Đà Nẵng
LEADER 01106nam a2200301 a 4500
001 000002216
003 01847
005 20171229145311.0
008 171229s2000 vie
040 |a LSK 
041 0 |a VIE 
082 0 |a 005.75  |b Th-H 
245 0 0 |a Thực hành lập trình I (Công nghệ xử lý thông tin). Tập 2 =Programming practice I (Information processing technology). Series 2  |c Moon Hwang Up biên soạn; Trần Việt Hà dịch 
260 |b Lao động xã hội  |c 2000 
300 |a 74 pages  |c 28,5 cm. 
653 |a Tin học - Lập trình 
852 |a Phòng Đọc - Phòng Mượn 
901 |a 26 
927 |a Sách tham khảo 
OWN |a LSK 
AVA |a UDN50  |b LSK  |d 005.75 Th-H  |e check_holdings  |t Error 5003 Not defined in file expand_doc_bib_avail.  |h N  |k 1 
999 |a From the UDN01 
AVA |a UDN50  |b LSK  |d 005.75 Th-H  |e available  |t Error 5001 Not defined in file expand_doc_bib_avail.  |f 26  |g 0  |h N  |i 0  |k 1 
TYP |a Monograph 
TYP |a Printed language 
980 |a Mạng thư viện Đại học Đà Nẵng